Vplyv zavedenia environmentálneho manažmentu v hoteli na spotrebiteľské správanie diplomová práca

Uložené v:
Podrobná bibliografia
Hlavný autor: Kristianová, Petra
Korporativný autor: Obchodná fakulta EU. Katedra služieb a cestovného ruchu - zrušené
Ďalší autori: Bojová, Dominika
Médium: Kniha
Jazyk:Slovak
Vydavateľské údaje: Bratislava 2013
Tagy: Pridať tag
Žiadne tagy, Buďte prvý, kto otaguje tento záznam!

MARC

LEADER 00000nbm a2200000 4500
001 0169590
005 20161109102313.8
041 0 |a slo 
044 |a SK 
245 1 0 |a Vplyv zavedenia environmentálneho manažmentu v hoteli na spotrebiteľské správanie  |b diplomová práca  |c Petra Kristianová ; školiteľ: Dominika Bojová 
264 1 |a Bratislava  |c 2013 
300 |a 78 s. 
100 1 |a Kristianová, Petra 
700 1 |a Bojová, Dominika 
710 2 |a Obchodná fakulta EU. Katedra služieb a cestovného ruchu - zrušené